[Event "Relampago R-025 corr"]
[Site "CXV corr"]
[Date "2001.03.26"]
[Round "?"]
[White "Silva Santos, Leonardo"]
[Black "Tagliaferro, Ivan Eduardo"]
[Result "1/2-1/2"]
[WhiteElo "1589"]
[BlackElo "1524"]
[PlyCount "51"]
[EventDate "2001.??.??"]
[EventType "tourn (corr)"]
[EventRounds "6"]
[EventCountry "BRA"]
[SourceTitle "Corr 2004"]
[Source "ChessBase"]
[SourceDate "2003.04.28"]
[SourceVersion "3"]
[SourceVersionDate "2003.04.28"]
[SourceQuality "1"]

1. e4 e5 2. Nf3 Nc6 3. Bb5 a6 4. Ba4 d6 5. 0-0 Nf6 6. c3 Nxe4 7. d4 b5 8. Bb3 Bb7 9. Qe2 f5 10. a4 Be7 11. Be6 Bc8 12. Bd5 Bb7 13. dxe5 dxe5 14. Rd1 Nd4 15. Nxd4 Qxd5 16. Nxf5 Qf7 17. Nxe7 Qxe7 18. axb5 a5 19. Be3 0-0 20. f3 Nd6 21. Bc5 Qe6 22. c4 Rf4 23. b3 Qg6 24. Nd2 e4 25. fxe4 Nxe4 26. Nxe4 1/2-1/2

[Event "Relampago R-025 corr"]
[Site "CXV corr"]
[Date "2001.01.17"]
[Round "?"]
[White "Silva Santos, Leonardo"]
[Black "Popp, Tony"]
[Result "1-0"]
[WhiteElo "1500"]
[BlackElo "1449"]
[PlyCount "37"]
[EventDate "2001.??.??"]
[EventType "tourn (corr)"]
[EventRounds "6"]
[EventCountry "BRA"]
[SourceTitle "Corr 2004"]
[Source "ChessBase"]
[SourceDate "2003.04.28"]
[SourceVersion "3"]
[SourceVersionDate "2003.04.28"]
[SourceQuality "1"]

1. e4 e5 2. Nf3 Nf6 3. Nxe5 d6 4. Nf3 Nxe4 5. d4 d5 6. Bd3 Nc6 7. 0-0 Be7 8. c4 0-0 9. Nc3 Nxc3 10. bxc3 Bg4 11. Re1 dxc4 12. Bxc4 Bxf3 13. Qxf3 Bf6 14. Ba3 Re8 15. Qf5 Ne7 16. Qh5 Ng6 17. Qb5 Rxe1+ 18. Rxe1 Rb8 19. Bxf7+ 1-0